Представление документа в формате RUSMARC

ПолеНазваниеЗначение
  Тип записи i
  Библиографический уровень m
001 Контрольный номер RU/IS/BASE/395402186
005 Дата корректировки 20260515152359.9
010 Индекс ISBN __
d Цена 402-38
101 Язык документа 0_
a Язык текста rus
200 Заглавие и сведения об ответственности 1_
a Заглавие Песчаный блюз
e Сведения, относящиеся к заглавию [фантаст. роман : аудиокнига]
f Первые сведения об ответственности Андрей Левицкий, Алексей Бобл ; [читает Кирилл Радциг]
b Общее обозначение материала Звукозапись
210 Выходные данные 1_
a Место издания М.
c Издательство Аудиокнига
d Дата издания 2011
215 Физическое описание __
a Объем 1 электрон. опт. диск (Audio CD) (9 ч.)
225 Серия 2_
a Серия Технотьма
300 Общие примечания __
a Общие примечания 128 kbps ; CD-плеер с поддержкой MP3 или Pentium-233 с Windows 9x-XP ; CD-ROM ; звуковая карта
323 Примечание о главных создателях, исполнителях, участниках __
a Примечание о главных создателях, исполнителях, участниках Радциг, К. (читает)
330 Аннотация __
a Аннотация Я - доставщик. На своем сендере я вожу грузы по великой Пустоши между Москвой и Киевом. Меня нанимают фермеры, нефтяники-старатели, торговцы, оружейники. Я попадал во множество переделок, я дрался с бандитами и уходил от преследования наемников. У меня есть принцип: груз всегда попадает по назначению. Но сейчас я впервые нарушу его. Потому что мой груз смертелен. Мой заказчик действует против меня. А мои враги - самые опасные люди Пустоши.
333 Примечание о целевом назначении __
a Примечание о целевом назначении 16+. Для детей старше 16 лет
606 Тематические рубрики __
a Основная рубрика Художественная литература
606 Тематические рубрики __
a Основная рубрика Современная русская литература (произведения)
z Хронологическая подрубрика 21 в.
610 Ключевые слова 0_
a Ключевые слова фантастика; романы; фантастические романы; фантастическая литература; фантастические произведения; тема фантастики; тема опасности
686 Индексы других классификаций __
a Классификационный индекс 84(2Рос=Рус)6-445я04
700 Автор _1
a Фамилия Левицкий
b Имя А. Ю.
g Полное личное имя Андрей Юрьевич
4 Код отношения 070
701 Альтернативная интеллектуальная ответственность _1
a Фамилия Бобл
b Имя А.
g Полное личное имя Алексей
4 Код отношения 070
801 Источник записи _0
a Страна RU
b Организация Муниципальное бюджетное учреждение культуры "Централизованная библиотечная система" г. Сургут (Центральная городская библиотека им. А. С. Пушкина)
g Правила каталогизации КиК/Лукашук
801 Источник записи _1
a Страна RU
b Организация Муниципальное бюджетное учреждение культуры "Централизованная библиотечная система" г. Сургут (Центральная городская библиотека им. А. С. Пушкина)
g Правила каталогизации КиК/Лукашук
852 Данные о местонахождении __
j Шифр хранения 84(2Рос=Рус)6-445я04
i Авторский знак Л 37
901 Тип документа __
t Тип документа 0
903 Характеристики (МАРС) __
a Дата передачи 20120712
969 Тип издания __
a Тип издания аудиокнига
990 Данные о заказе (DOS) __
j Количество экземпляров (DOS) 4
h N записи в КСУ для Б/У (DOS) 201207